[Event "IECG WC.2006.S.00003 email"]
[Site "IECG email"]
[Date "2004.07.18"]
[Round "?"]
[White "Fazilleau, Jerome"]
[Black "Nebel, Uwe"]
[Result "0-1"]
[WhiteElo "2130"]
[BlackElo "2445"]
[PlyCount "60"]
[EventDate "2004.07.18"]
[EventType "tourn (corr)"]
[EventRounds "10"]
[SourceTitle "Corr 2008"]
[Source "ChessBase"]
[SourceDate "2008.06.24"]
[SourceVersion "1"]
[SourceVersionDate "2008.06.24"]
[SourceQuality "1"]

1. e4 c5 2. Nf3 d6 3. d4 cxd4 4. Nxd4 Nf6 5. Nc3 a6 6. Bc4 e6 7. Bb3 b5 8. Bg5 Be7 9. Qf3 Ra7 10. 0-0-0 Qa5 11. Qg3 b4 12. Bxf6 Bxf6 13. Nce2 0-0 14. f4 Rc7 15. Nf3 Nd7 16. Kb1 Bb7 17. f5 exf5 18. exf5 Nc5 19. Nfd4 Nxb3 20. Nxb3 Qxf5 21. Ned4 Qe5 22. Rd2 Qxg3 23. hxg3 Be4 24. Nf3 Rfc8 25. Nbd4 d5 26. g4 h6 27. Re2 a5 28. Rd1 a4 29. Rdd2 a3 30. b3 Rc3 0-1

[Event "IECG WC.2006.S.00003 email"]
[Site "IECG email"]
[Date "2004.07.18"]
[Round "?"]
[White "Janosi, Ervin"]
[Black "Fazilleau, Jerome"]
[Result "1-0"]
[WhiteElo "2214"]
[BlackElo "2130"]
[PlyCount "89"]
[EventDate "2004.07.18"]
[EventType "tourn (corr)"]
[EventRounds "10"]
[SourceTitle "Corr 2008"]
[Source "ChessBase"]
[SourceDate "2008.06.24"]
[SourceVersion "1"]
[SourceVersionDate "2008.06.24"]
[SourceQuality "1"]

1. d4 Nf6 2. Nf3 d5 3. c4 c6 4. Nc3 a6 5. c5 Nbd7 6. Bf4 Nh5 7. e3 g6 8. h4 Nxf4 9. exf4 Bg7 10. h5 b6 11. cxb6 Qxb6 12. Qd2 Rb8 13. b3 Nf6 14. Ne5 Nxh5 15. Na4 Qc7 16. Rc1 Bb7 17. Nc5 Ra8 18. Be2 Bxe5 19. fxe5 Ng7 20. Bg4 Bc8 21. Qh6 Qa5+ 22. Kf1 Kf8 23. e6 Kg8 24. exf7+ Kxf7 25. Re1 Qd8 26. Bxc8 Rxc8 27. Rh3 Qd6 28. Rf3+ Kg8 29. Kg1 Re8 30. Re5 e6 31. b4 Qe7 32. a3 Ra8 33. Qe3 Re8 34. Nxa6 h5 35. Nc5 Kh7 36. a4 Rhf8 37. Rxf8 Qxf8 38. a5 Qe7 39. Qc1 Rb8 40. Nd3 Qa7 41. Qxc6 Qxd4 42. Qc7 Re8 43. Re3 e5 44. Rxe5 Rxe5 45. Nxe5 1-0

[Event "IECG WC.2006.S.00003 email"]
[Site "IECG email"]
[Date "2004.07.18"]
[Round "?"]
[White "Wisnewski, Christoph"]
[Black "Fazilleau, Jerome"]
[Result "0-1"]
[WhiteElo "2416"]
[BlackElo "2130"]
[PlyCount "24"]
[EventDate "2004.07.18"]
[EventType "tourn (corr)"]
[EventRounds "10"]
[SourceTitle "Corr 2008"]
[Source "ChessBase"]
[SourceDate "2008.06.24"]
[SourceVersion "1"]
[SourceVersionDate "2008.06.24"]
[SourceQuality "1"]

1. e4 c5 2. c3 Nf6 3. e5 Nd5 4. Nf3 Nc6 5. Bc4 Nb6 6. Bb3 d5 7. exd6 Qxd6 8. Na3 Be6 9. d4 Bxb3 10. Qxb3 cxd4 11. 0-0 e6 12. Rd1 Qd5 0-1

[Event "IECG TE.2004.F.00700 email"]
[Site "IECG email"]
[Date "2004.02.20"]
[Round "?"]
[White "Fazilleau, Jerome"]
[Black "McDonald, Graham R"]
[Result "1/2-1/2"]
[WhiteElo "2074"]
[BlackElo "1642"]
[PlyCount "51"]
[EventDate "2004.02.20"]
[EventType "tourn (corr)"]
[EventRounds "8"]
[SourceTitle "Corr 2008"]
[Source "ChessBase"]
[SourceDate "2008.06.24"]
[SourceVersion "1"]
[SourceVersionDate "2008.06.24"]
[SourceQuality "1"]

1. e4 e5 2. f4 exf4 3. Nf3 g5 4. Bc4 g4 5. 0-0 gxf3 6. Qxf3 Qf6 7. e5 Qxe5 8. d3 Bh6 9. Nc3 Ne7 10. Bd2 Nbc6 11. Rae1 Qf5 12. Nd5 Kd8 13. Bc3 Rg8 14. Bf6 Bg5 15. Rxe7 Bxf6 16. Nxf6 Nxe7 17. Nxg8 Nxg8 18. Qxf4 Qc5+ 19. Kh1 d5 20. Qg5+ Ne7 21. Rxf7 c6 22. d4 Qd6 23. Bd3 Qe6 24. Rf6 Qe1+ 25. Rf1 Qe6 26. Rf6 1/2-1/2

[Event "IECG CP.2000.F.00001 email"]
[Site "IECG email"]
[Date "2003.10.01"]
[Round "?"]
[White "Fazilleau, Jerome"]
[Black "Granz, Burkhard"]
[Result "1-0"]
[WhiteElo "2037"]
[BlackElo "2207"]
[PlyCount "162"]
[EventDate "2003.10.01"]
[EventType "tourn (corr)"]
[EventRounds "9"]
[SourceTitle "Corr 2008"]
[Source "ChessBase"]
[SourceDate "2008.06.24"]
[SourceVersion "1"]
[SourceVersionDate "2008.06.24"]
[SourceQuality "1"]

1. e4 c5 2. Nf3 d6 3. d4 cxd4 4. Nxd4 Nf6 5. Nc3 a6 6. Be3 e5 7. Nb3 Be6 8. f3 Nbd7 9. g4 b5 10. g5 b4 11. Ne2 Nh5 12. Qd2 a5 13. Ng3 Nxg3 14. hxg3 a4 15. Nc1 Qa5 16. f4 Nc5 17. Bg2 Qb5 18. f5 Bd7 19. g6 fxg6 20. fxg6 h6 21. Qd5 0-0-0 22. Nd3 Nxd3+ 23. Qxd3 Qxd3 24. cxd3 Kb8 25. 0-0 Rc8 26. Bd2 d5 27. exd5 Bc5+ 28. Kh1 Rhf8 29. Rxf8 Rxf8 30. Rc1 Rf2 31. Bxh6 Bf8 32. Kg1 Rf6 33. Be3 Rxg6 34. Kf2 Rf6+ 35. Ke2 Rg6 36. Bf2 Bd6 37. Be4 Rh6 38. Bc5 Bxc5 39. Rxc5 b3 40. axb3 Rh2+ 41. Ke3 axb3 42. d6 Rxb2 43. Bd5 Ra2 44. Rc3 Rc2 45. Rxb3+ Kc8 46. Bb7+ Kd8 47. Be4 Rc1 48. Ra3 Bg4 49. Ra5 Re1+ 50. Kd2 Re2+ 51. Kc3 Kd7 52. Rxe5 Bf3 53. Kd4 Bxe4 54. Rxe4 Ra2 55. Re7+ Kxd6 56. Rxg7 Ke6 57. g4 Kf6 58. Rc7 Rg2 59. Kd5 Rxg4 60. d4 Rg8 61. Kc5 Ra8 62. d5 Ra5+ 63. Kd6 Ra6+ 64. Rc6 Ra7 65. Rc5 Kf5 66. Rc2 Ra6+ 67. Kc7 Ra7+ 68. Kb6 Rd7 69. Kc6 Rd8 70. Rd2 Rc8+ 71. Kd7 Rc1 72. d6 Kf6 73. Rf2+ Kg7 74. Kd8 Rd1 75. d7 Rc1 76. Rf4 Rc2 77. Ke7 Re2+ 78. Kd6 Rd2+ 79. Ke6 Kg6 80. Rf6+ Kg7 81. Rf5 Re2+ 1-0

[Event "IECG CP.2001.S.00002 email"]
[Site "IECG email"]
[Date "2003.10.01"]
[Round "?"]
[White "Fazilleau, Jerome"]
[Black "Krueger, Hilmar"]
[Result "0-1"]
[WhiteElo "2037"]
[BlackElo "2314"]
[PlyCount "96"]
[EventDate "2003.10.01"]
[EventType "tourn (corr)"]
[EventRounds "6"]
[SourceTitle "Corr 2008"]
[Source "ChessBase"]
[SourceDate "2008.06.24"]
[SourceVersion "1"]
[SourceVersionDate "2008.06.24"]
[SourceQuality "1"]

1. e4 c5 2. Nf3 d6 3. d4 cxd4 4. Nxd4 Nf6 5. Nc3 a6 6. Be3 e5 7. Nb3 Be7 8. f3 Be6 9. Qd2 Nbd7 10. g4 Rc8 11. 0-0-0 b5 12. g5 Nh5 13. Nd5 Bxd5 14. exd5 Nb6 15. Na5 Nxd5 16. Qxd5 Qxa5 17. Bh3 Rc4 18. Bg4 0-0 19. Bxh5 Qxa2 20. Bg4 g6 21. h4 Bd8 22. Qd3 Qa1+ 23. Kd2 Qxb2 24. Ke2 Re8 25. Kf2 Ba5 26. Rc1 e4 27. Qb3 Qg7 28. Rcd1 exf3 29. Bxf3 Qe5 30. Rd5 Qe6 31. Bd2 Bxd2 32. Rxd2 Qe5 33. Kg2 Qf4 34. Re2 Re6 35. Rhe1 Qxh4 36. Rxe6 Qxg5+ 37. Kf1 fxe6 38. Rxe6 Qf4 39. Re4 Qf7 40. Rxc4 Qxc4+ 41. Qxc4+ bxc4 42. Ke2 Kg7 43. Ke3 Kf6 44. Kd4 h5 45. Bc6 g5 46. Be8 h4 47. Bd7 a5 48. Kd5 Ke7 0-1

[Event "IECG CP.2001.S.00002 email"]
[Site "IECG email"]
[Date "2003.10.01"]
[Round "?"]
[White "Fazilleau, Jerome"]
[Black "Sakai, Kiyotaka"]
[Result "1/2-1/2"]
[WhiteElo "2037"]
[BlackElo "2546"]
[PlyCount "134"]
[EventDate "2003.10.01"]
[EventType "tourn (corr)"]
[EventRounds "6"]
[SourceTitle "Corr 2008"]
[Source "ChessBase"]
[SourceDate "2008.06.24"]
[SourceVersion "1"]
[SourceVersionDate "2008.06.24"]
[SourceQuality "1"]

1. e4 c5 2. Nf3 d6 3. d4 cxd4 4. Nxd4 Nf6 5. Nc3 a6 6. Be3 e5 7. Nb3 Be6 8. f3 Nbd7 9. g4 b5 10. g5 b4 11. Ne2 Nh5 12. Qd2 a5 13. Ng3 Nxg3 14. hxg3 a4 15. Nc1 Qa5 16. f4 g6 17. Bg2 a3 18. b3 Bg7 19. f5 gxf5 20. exf5 Bxf5 21. 0-0 e4 22. Rb1 Ra6 23. Qf2 Bg6 24. Bxe4 Bxe4 25. Qxf7+ Kd8 26. Qxg7 Re8 27. Ne2 Ba8 28. Qd4 Qc5 29. Kf2 Qc6 30. Ke1 Ra5 31. Rd1 Rae5 32. Rd3 Kc8 33. Kd2 Nc5 34. Qg4+ Kb8 35. Qxb4+ Qb7 36. Bxc5 Rxe2+ 37. Kc1 dxc5 38. Qxc5 Qe7 39. Qxe7 R8xe7 40. Rd2 R2e5 41. Rf8+ Ka7 42. Rf4 Bc6 43. Rd6 Kb7 44. g6 hxg6 45. Rxg6 Rd7 46. Rf1 Re2 47. Rd1 Rh7 48. Rgd6 Rg2 49. R6d2 Rxg3 50. Rd3 Rg2 51. R3d2 Rgg7 52. c4 Kb6 53. Kc2 Rg3 54. Re2 Rhh3 55. Rd8 Rg1 56. Rd3 Ra1 57. Rxh3 Rxa2+ 58. Kb1 Rxe2 59. b4 Be4+ 60. Ka1 a2 61. Rh6+ Kb7 62. b5 Bb1 63. c5 Be4 64. c6+ Kb6 65. c7+ Kxc7 66. b6+ Kb7 67. Rh2 Rxh2 1/2-1/2

[Event "IECG WC.2005.S.00001 email"]
[Site "IECG email"]
[Date "2003.05.19"]
[Round "?"]
[White "Fazilleau, Jerome"]
[Black "Lakatos, Stefan"]
[Result "1/2-1/2"]
[WhiteElo "2027"]
[BlackElo "2301"]
[PlyCount "55"]
[EventDate "2003.05.19"]
[EventType "tourn (corr)"]
[EventRounds "10"]
[SourceTitle "Corr 2008"]
[Source "ChessBase"]
[SourceDate "2008.06.24"]
[SourceVersion "1"]
[SourceVersionDate "2008.06.24"]
[SourceQuality "1"]

1. e4 c5 2. Nf3 d6 3. d4 cxd4 4. Nxd4 Nf6 5. Nc3 a6 6. Bc4 e6 7. 0-0 b5 8. Bb3 Be7 9. Qf3 Qc7 10. Qg3 0-0 11. Bh6 Ne8 12. Rad1 Bd7 13. Nf3 Nc6 14. Bf4 b4 15. e5 dxe5 16. Nxe5 Nxe5 17. Bxe5 Qb7 18. Ne2 Bf6 19. f4 Bb5 20. Rfe1 Bxe5 21. fxe5 Nc7 22. c4 bxc3 23. Nxc3 Bc6 24. Rd2 Rfd8 25. Red1 Rxd2 26. Rxd2 Nd5 27. Nxd5 Bxd5 28. Bxd5 1/2-1/2

[Event "IECG WC.2005.S.00001 email"]
[Site "IECG email"]
[Date "2003.05.19"]
[Round "?"]
[White "Fazilleau, Jerome"]
[Black "Taboada, Pedro Pablo"]
[Result "1-0"]
[WhiteElo "2027"]
[BlackElo "2372"]
[PlyCount "55"]
[EventDate "2003.05.19"]
[EventType "tourn (corr)"]
[EventRounds "10"]
[SourceTitle "Corr 2008"]
[Source "ChessBase"]
[SourceDate "2008.06.24"]
[SourceVersion "1"]
[SourceVersionDate "2008.06.24"]
[SourceQuality "1"]

1. e4 c5 2. Nf3 d6 3. d4 cxd4 4. Nxd4 Nf6 5. Nc3 Nc6 6. Bc4 Qb6 7. Nb3 e6 8. 0-0 Be7 9. Be3 Qc7 10. f4 a6 11. Bd3 b5 12. Qf3 Bb7 13. Qh3 0-0 14. g4 b4 15. g5 bxc3 16. gxf6 gxf6 17. bxc3 Kh8 18. Rf3 Rg8+ 19. Kf2 Rg6 20. Rg3 Rag8 21. Rag1 Bc8 22. f5 Rxg3 23. hxg3 exf5 24. exf5 Rg7 25. Bh6 Rg6 26. g4 Rxh6 27. Qxh6 Ne5 28. g5 1-0

[Event "IECG WC.2005.S.00001 email"]
[Site "IECG email"]
[Date "2003.05.19"]
[Round "?"]
[White "Schubert, Steffen"]
[Black "Fazilleau, Jerome"]
[Result "0-1"]
[WhiteElo "2032"]
[BlackElo "2027"]
[PlyCount "64"]
[EventDate "2003.05.19"]
[EventType "tourn (corr)"]
[EventRounds "10"]
[SourceTitle "Corr 2008"]
[Source "ChessBase"]
[SourceDate "2008.06.24"]
[SourceVersion "1"]
[SourceVersionDate "2008.06.24"]
[SourceQuality "1"]

1. e4 c5 2. Nf3 d6 3. d4 cxd4 4. Nxd4 Nf6 5. Nc3 a6 6. Be2 e5 7. Nb3 Be7 8. 0-0 0-0 9. Be3 Be6 10. Qd2 Nbd7 11. a4 Rc8 12. a5 Qc7 13. Rfd1 Rfd8 14. Qe1 Nc5 15. Nd5 Bxd5 16. exd5 Nxb3 17. cxb3 Qd7 18. b4 Ne8 19. b5 axb5 20. Qb4 Nc7 21. Rac1 Rf8 22. Rc3 Ra8 23. Bb6 Rac8 24. h4 Na6 25. Bxb5 Qf5 26. Bxa6 Rxc3 27. Bxb7 Qc2 28. bxc3 Qxd1+ 29. Kh2 f5 30. a6 Qh5 31. a7 Bxh4 32. Qc4 Bxf2+ 0-1

[Event "IECG WC.2005.S.00001 email"]
[Site "IECG email"]
[Date "2003.05.19"]
[Round "?"]
[White "Tucci, Aniello"]
[Black "Fazilleau, Jerome"]
[Result "1/2-1/2"]
[WhiteElo "2301"]
[BlackElo "2027"]
[PlyCount "73"]
[EventDate "2003.05.19"]
[EventType "tourn (corr)"]
[EventRounds "10"]
[SourceTitle "Corr 2008"]
[Source "ChessBase"]
[SourceDate "2008.06.24"]
[SourceVersion "1"]
[SourceVersionDate "2008.06.24"]
[SourceQuality "1"]

1. e4 c5 2. Nf3 d6 3. d4 cxd4 4. Nxd4 Nf6 5. Nc3 a6 6. Be3 Ng4 7. Bg5 h6 8. Bh4 g5 9. Bg3 Bg7 10. Bc4 Nc6 11. Nxc6 bxc6 12. h4 Qa5 13. Qf3 0-0 14. hxg5 Qxg5 15. Nd1 Ne5 16. Bxe5 Bxe5 17. c3 Rb8 18. g3 Bg7 19. Rh4 a5 20. Qe2 a4 21. Rh5 Qg6 22. Ra5 Bg4 23. f3 Be6 24. g4 Bxc4 25. Qxc4 Be5 26. Qe2 Ra8 27. Rxa8 Rxa8 28. Qc4 c5 29. Ke2 Qf6 30. Qd3 Rb8 31. Rb1 Qh4 32. Qe3 Qh1 33. Qf2 Bf4 34. Qe1 Qxe1+ 35. Kxe1 c4 36. Kf2 Kg7 37. Ne3 1/2-1/2

[Event "IECG WC.2005.S.00001 email"]
[Site "IECG email"]
[Date "2003.05.19"]
[Round "?"]
[White "Van der Ploeg, Geert Roelof"]
[Black "Fazilleau, Jerome"]
[Result "0-1"]
[WhiteElo "2257"]
[BlackElo "2027"]
[PlyCount "82"]
[EventDate "2003.05.19"]
[EventType "tourn (corr)"]
[EventRounds "10"]
[SourceTitle "Corr 2008"]
[Source "ChessBase"]
[SourceDate "2008.06.24"]
[SourceVersion "1"]
[SourceVersionDate "2008.06.24"]
[SourceQuality "1"]

1. e4 c5 2. Nc3 Nc6 3. f4 g6 4. Nf3 Bg7 5. Bb5 Nd4 6. 0-0 a6 7. Bd3 d6 8. Nd5 Bg4 9. Be2 Bd7 10. d3 e6 11. Ne3 Ne7 12. c3 Nxe2+ 13. Qxe2 0-0 14. Bd2 b5 15. Rae1 Qc7 16. Qf2 Rae8 17. Qh4 f5 18. e5 dxe5 19. fxe5 Nc6 20. d4 cxd4 21. cxd4 Qd8 22. Qh3 Bc8 23. Nc2 Bb7 24. Kh1 a5 25. Rc1 Qd7 26. Rfd1 Rc8 27. Ng5 h6 28. Nf3 g5 29. Bxg5 hxg5 30. Nxg5 Bh8 31. Qh5 Nd8 32. Ne3 Rxc1 33. Rxc1 Qg7 34. Rc5 a4 35. d5 exd5 36. Nxd5 Bxd5 37. Rxd5 Nc6 38. Rxb5 Nd4 39. Rd5 Ne2 40. g3 a3 41. bxa3 f4 0-1

[Event "IECG TE.2001.S.00703 email"]
[Site "IECG email"]
[Date "2003.01.27"]
[Round "?"]
[White "Fazilleau, Jerome"]
[Black "McDonald, Graham R"]
[Result "0-1"]
[WhiteElo "1959"]
[BlackElo "1624"]
[PlyCount "64"]
[EventDate "2003.01.27"]
[EventType "tourn (corr)"]
[EventRounds "8"]
[SourceTitle "Corr 2008"]
[Source "ChessBase"]
[SourceDate "2008.06.24"]
[SourceVersion "1"]
[SourceVersionDate "2008.06.24"]
[SourceQuality "1"]

1. e4 e5 2. f4 exf4 3. Nf3 g5 4. Bc4 g4 5. 0-0 gxf3 6. Qxf3 Qf6 7. e5 Qxe5 8. Bxf7+ Kxf7 9. d4 Qf5 10. Bxf4 Nf6 11. Nc3 d6 12. Qe2 Qg4 13. Qc4+ Be6 14. d5 Bf5 15. Qxc7+ Nbd7 16. Nd1 Nxd5 17. Qxb7 Nxf4 18. Ne3 Qg5 19. Nxf5 Qxg2+ 20. Qxg2 Nxg2 21. Kxg2 Rg8+ 22. Kh1 Ke6 23. Nd4+ Kd5 24. Rad1 Ne5 25. Rf6 Ng4 26. Nb3+ Ke5 27. Rf3 Rc8 28. h3 Nf6 29. Nd4 Rg5 30. c3 d5 31. Rdf1 Be7 32. Re3+ Ne4 0-1

[Event "IECG TE.2001.S.00703 email"]
[Site "IECG email"]
[Date "2003.01.27"]
[Round "?"]
[White "McDonald, Graham R"]
[Black "Fazilleau, Jerome"]
[Result "0-1"]
[WhiteElo "1624"]
[BlackElo "1959"]
[PlyCount "62"]
[EventDate "2003.01.27"]
[EventType "tourn (corr)"]
[EventRounds "8"]
[SourceTitle "Corr 2008"]
[Source "ChessBase"]
[SourceDate "2008.06.24"]
[SourceVersion "1"]
[SourceVersionDate "2008.06.24"]
[SourceQuality "1"]

1. e4 e5 2. f4 exf4 3. Nf3 g5 4. Bc4 g4 5. 0-0 gxf3 6. Qxf3 Qf6 7. e5 Qxe5 8. d3 Bh6 9. Bd2 Ne7 10. Nc3 Nbc6 11. Rae1 Qf5 12. Nd5 Kd8 13. Qe2 Qe6 14. Nxe7 Qxe7 15. Qf2 Qg5 16. Re4 f5 17. Bxf4 Qf6 18. Bxh6 Qxh6 19. Qxf5 d6 20. Qd5 Bd7 21. Bb5 Re8 22. Rxe8+ Bxe8 23. Re1 Qg6 24. Qf3 Qf7 25. Bxc6 bxc6 26. Qe4 Bd7 27. Qh4+ Kc8 28. Re7 Qxa2 29. Qxh7 Qb1+ 30. Kf2 Qxc2+ 31. Kg3 Rb8 0-1

[Event "IECG TE.2001.S.00703 email"]
[Site "IECG email"]
[Date "2003.01.27"]
[Round "?"]
[White "Santini, Alberto"]
[Black "Fazilleau, Jerome"]
[Result "0-1"]
[WhiteElo "1390"]
[BlackElo "1959"]
[PlyCount "46"]
[EventDate "2003.01.27"]
[EventType "tourn (corr)"]
[EventRounds "8"]
[SourceTitle "Corr 2008"]
[Source "ChessBase"]
[SourceDate "2008.06.24"]
[SourceVersion "1"]
[SourceVersionDate "2008.06.24"]
[SourceQuality "1"]

1. e4 e5 2. f4 exf4 3. Nf3 g5 4. Bc4 g4 5. 0-0 gxf3 6. Qxf3 Qf6 7. e5 Qxe5 8. Bxf7+ Kxf7 9. d4 Qf5 10. g4 Qg6 11. Bxf4 Nf6 12. Be5 Be7 13. Nc3 d6 14. Bxf6 Bxg4 15. Qd5+ Be6+ 16. Qg5 Bxf6 17. Rxf6+ Qxf6 18. Rf1 Nd7 19. Rxf6+ Nxf6 20. Kf2 c6 21. Qf4 Ke7 22. a4 Rag8 23. Qh4 Rg4 0-1

[Event "IECG WC.2006.P.00003 email"]
[Site "IECG email"]
[Date "2003.01.22"]
[Round "?"]
[White "Fazilleau, Jerome"]
[Black "De Oliveira, Marcio Barbosa"]
[Result "1/2-1/2"]
[WhiteElo "1959"]
[BlackElo "2177"]
[PlyCount "152"]
[EventDate "2003.01.22"]
[EventType "tourn (corr)"]
[EventRounds "10"]
[SourceTitle "Corr 2008"]
[Source "ChessBase"]
[SourceDate "2008.06.24"]
[SourceVersion "1"]
[SourceVersionDate "2008.06.24"]
[SourceQuality "1"]

1. e4 c5 2. Nf3 Nc6 3. d4 cxd4 4. Nxd4 Nf6 5. Nc3 e5 6. Ndb5 d6 7. Bg5 a6 8. Na3 b5 9. Nd5 Be7 10. Bxf6 Bxf6 11. c3 0-0 12. Nc2 Be6 13. a4 Bxd5 14. exd5 Ne7 15. axb5 Qb6 16. Bd3 axb5 17. Rxa8 Rxa8 18. 0-0 g6 19. Nb4 Bg7 20. Qe2 Ra5 21. h4 Qc5 22. Qe3 f5 23. Qxc5 dxc5 24. d6 cxb4 25. cxb4 Ra8 26. dxe7 Bf6 27. Bxb5 Bxe7 28. Bc6 Rb8 29. b5 Bxh4 30. Ra1 Be7 31. Ra7 Kf8 32. Kf1 e4 33. Ke2 h5 34. f3 exf3+ 35. Kxf3 g5 36. g3 Kf7 37. Rd7 Ke6 38. Rd3 Bd6 39. Re3+ Be5 40. Ke2 Kf6 41. b4 g4 42. Rd3 f4 43. gxf4 Bxf4 44. Rd4 Bc7 45. Kf1 Rg8 46. Rd7 Be5 47. Rh7 Kg5 48. Re7 Rf8+ 49. Ke2 Bd4 50. Rd7 Rf4 51. Rd5+ Kh4 52. Kd3 Bb6 53. Be8 g3 54. Rxh5+ Kg4 55. Rh6 g2 56. Rg6+ Kh3 57. Bd7+ Kh2 58. Rh6+ Kg3 59. Rxb6 Rg4 60. Bxg4 g1Q 61. Rc6 Qb1+ 62. Kc4 Qa2+ 63. Kc5 Qf2+ 64. Kd5 Kxg4 65. b6 Qf7+ 66. Kc5 Kf4 67. Rc7 Qh5+ 68. Kc6 Qe8+ 69. Kc5 Qe5+ 70. Kc6 Ke3 71. b7 Qc3+ 72. Kd7 Qxb4 73. Kc8 Qf8+ 74. Kd7 Qf7+ 75. Kc6 Qe6+ 76. Kb5 Qd5+ 1/2-1/2

[Event "IECG WC.2006.P.00003 email"]
[Site "IECG email"]
[Date "2003.01.22"]
[Round "?"]
[White "Fazilleau, Jerome"]
[Black "Vorobyev, Albert A"]
[Result "1-0"]
[WhiteElo "1959"]
[BlackElo "2183"]
[PlyCount "115"]
[EventDate "2003.01.22"]
[EventType "tourn (corr)"]
[EventRounds "10"]
[SourceTitle "Corr 2008"]
[Source "ChessBase"]
[SourceDate "2008.06.24"]
[SourceVersion "1"]
[SourceVersionDate "2008.06.24"]
[SourceQuality "1"]

1. e4 c5 2. Nf3 Nc6 3. d4 cxd4 4. Nxd4 e5 5. Nb5 d6 6. N1c3 a6 7. Na3 Nf6 8. Bg5 Be6 9. Nc4 Rc8 10. Bxf6 Qxf6 11. Nb6 Rb8 12. Ncd5 Qd8 13. c3 Be7 14. Bc4 0-0 15. 0-0 Bg5 16. a4 Kh8 17. Qe2 g6 18. Rad1 Bh6 19. b4 f5 20. Bd3 f4 21. f3 Rg8 22. a5 Bf8 23. Bc4 h5 24. Ne3 Qe7 25. Qa2 Bxc4 26. Nexc4 Qe6 27. Qd2 Rd8 28. Qd5 Qf6 29. b5 axb5 30. Qxb5 Qe6 31. Rf2 g5 32. Nd5 Rg7 33. a6 Qc8 34. Ra2 bxa6 35. Rxa6 Nb8 36. Rb6 g4 37. Nxf4 gxf3 38. Nxe5 dxe5 39. Rh6+ Kg8 40. Qb3+ Rf7 41. Rg6+ Kh8 42. Qxf7 Rxd1+ 43. Kf2 Rd2+ 44. Ke1 f2+ 45. Kf1 Rd1+ 46. Kxf2 Qc5+ 47. Ke2 Re1+ 48. Kxe1 Qxc3+ 49. Kf1 Qc1+ 50. Kf2 Qc5+ 51. Kg3 Qe3+ 52. Kh4 Qxf4+ 53. Qxf4 exf4 54. Kg5 Nd7 55. Kxf4 Nc5 56. Kf5 h4 57. Kf6 Kh7 58. Rg4 1-0

[Event "IECG CP.2001.Q.00017 email"]
[Site "IECG email"]
[Date "2002.10.01"]
[Round "?"]
[White "Fazilleau, Jerome"]
[Black "Evans, Gordon R"]
[Result "0-1"]
[WhiteElo "1924"]
[BlackElo "2297"]
[PlyCount "126"]
[EventDate "2002.10.01"]
[EventType "tourn (corr)"]
[EventRounds "6"]
[EventCountry "ENG"]
[SourceTitle "Corr 2008"]
[Source "ChessBase"]
[SourceDate "2008.06.24"]
[SourceVersion "1"]
[SourceVersionDate "2008.06.24"]
[SourceQuality "1"]

1. e4 e6 2. d4 d5 3. Nd2 Be7 4. e5 c5 5. Qg4 Kf8 6. dxc5 Nc6 7. Ngf3 h5 8. Qg3 h4 9. Qf4 g5 10. Qe3 Nh6 11. Bd3 Ng4 12. Qe2 Qc7 13. Nb3 Rg8 14. 0-0 Ngxe5 15. Nxe5 Qxe5 16. h3 Qxe2 17. Bxe2 e5 18. f3 Bf5 19. c3 Bc2 20. Be3 d4 21. Bf2 dxc3 22. bxc3 Kg7 23. Bb5 f6 24. Rac1 Bf5 25. Rfe1 Rgd8 26. Bxc6 bxc6 27. Na5 Rac8 28. Red1 Rd5 29. c4 Rxd1+ 30. Rxd1 Rc7 31. Kf1 Be6 32. Ke2 f5 33. Rb1 Kg6 34. Ke1 g4 35. hxg4 fxg4 36. fxg4 Kg5 37. Rb8 Kxg4 38. Rh8 Bg5 39. Ke2 Rd7 40. Be3 Bf6 41. Rh6 Kf5 42. Kf2 Rg7 43. a4 a6 44. Kg1 Bd7 45. Kh2 Rg3 46. Bf2 Rg6 47. Rh7 Rg7 48. Rh6 Bg5 49. Rh8 e4 50. Bxh4 e3 51. Bxg5 Rxg5 52. Kg1 e2 53. Kf2 Rxg2+ 54. Ke1 Kf4 55. Kd2 Bg4 56. Re8 Rg1 57. Rxe2 Bxe2 58. Kxe2 Ke4 59. Nxc6 Rg2+ 60. Kd1 Rg5 61. Nb8 a5 62. Nd7 Kd4 63. c6 Rg8 0-1

[Event "IECG CP.2002.P.00055 email"]
[Site "IECG email"]
[Date "2002.10.01"]
[Round "?"]
[White "Fazilleau, Jerome"]
[Black "Stibal, George"]
[Result "1/2-1/2"]
[WhiteElo "1924"]
[BlackElo "1743"]
[PlyCount "53"]
[EventDate "2002.10.01"]
[EventType "tourn (corr)"]
[EventRounds "6"]
[EventCountry "FRA"]
[SourceTitle "Corr 2008"]
[Source "ChessBase"]
[SourceDate "2008.06.24"]
[SourceVersion "1"]
[SourceVersionDate "2008.06.24"]
[SourceQuality "1"]

1. e4 e6 2. d4 d5 3. Nd2 c5 4. Ngf3 Nc6 5. exd5 exd5 6. Bb5 Bd6 7. dxc5 Bxc5 8. 0-0 Nge7 9. Nb3 Bd6 10. Re1 0-0 11. Bd3 h6 12. h3 Nf5 13. c3 Qf6 14. Bc2 Rd8 15. Qd3 Qg6 16. Qe2 Qf6 17. Bd2 a5 18. Qd3 Qg6 19. Rad1 a4 20. Nc1 Be6 21. g4 Re8 22. Ng5 Nce7 23. Nxe6 fxe6 24. Qf1 e5 25. Qg2 Nh4 26. Bxg6 Nxg2 27. Kxg2 1/2-1/2

[Event "IECG CP.2000.S.00004 email"]
[Site "IECG email"]
[Date "2002.10.01"]
[Round "?"]
[White "Oates, R Bruce"]
[Black "Fazilleau, Jerome"]
[Result "1/2-1/2"]
[WhiteElo "2013"]
[BlackElo "1924"]
[PlyCount "95"]
[EventDate "2002.10.01"]
[EventType "tourn (corr)"]
[EventRounds "6"]
[EventCountry "FRA"]
[SourceTitle "Corr 2008"]
[Source "ChessBase"]
[SourceDate "2008.06.24"]
[SourceVersion "1"]
[SourceVersionDate "2008.06.24"]
[SourceQuality "1"]

1. d4 Nf6 2. c4 g6 3. Nc3 Bg7 4. e4 d6 5. Nf3 0-0 6. Be2 e5 7. 0-0 Nc6 8. d5 Ne7 9. Nd2 a5 10. a3 Bd7 11. b3 Ne8 12. Rb1 f5 13. Qc2 Nf6 14. Bb2 c6 15. dxc6 bxc6 16. c5 d5 17. exd5 cxd5 18. Nb5 Rb8 19. Nd6 Ne8 20. Nxe8 Bxe8 21. Rbd1 Qc7 22. f4 e4 23. Bxg7 Kxg7 24. Qc3+ Kg8 25. b4 axb4 26. axb4 Nc6 27. b5 Na7 28. b6 Rxb6 29. Nb3 Rb8 30. Nd4 Bd7 31. Ra1 Nc6 32. Nb5 Qb7 33. Ra4 Be6 34. Rfa1 Qd7 35. Kf1 Rfd8 36. Qf6 Qf7 37. Qc3 Qg7 38. Qxg7+ Kxg7 39. Ra6 Bd7 40. Rd1 Kf8 41. Rb6 Rxb6 42. cxb6 Rb8 43. Rxd5 Be8 44. g4 fxg4 45. Nd6 Rxb6 46. Nxe8 Kxe8 47. Bxg4 Kf7 48. Bd7 1/2-1/2